Marvel Characters Ending in 'Man' - Statistics

General Stats
  • This quiz has been taken 73 times
  • The average score is 10 of 55
Answer Stats
# Answer % Correct
2 Iron Man
98%
1 Spider-Man
98%
3 Spider-Man (Miles Morales)
98%
4 Ant-Man
75%
6 Sandman
36%
10 Wonder Man
31%
5 Iceman
29%
7 Power Man
27%
28 Power Man (Victor Alvarez)
27%
30 X-Man
24%
12 Hydro-Man
22%
8 Absorbing Man
20%
27 Machine Man
20%
47 Giant-Man (Raz Malhotra)
18%
16 Molten Man
18%
9 Radioactive Man
18%
33 Demolition-Man
15%
18 Dragon Man
15%
20 Impossible Man
15%
15 Molecule Man
15%
17 Purple Man
15%
24 Titanium Man
15%
25 3-D Man
13%
42 Bird-Man
13%
31 Flat Man
13%
22 Frog-Man
13%
44 Frog-Man (Francois Le Blanc)
13%
26 Gorilla-Man
13%
36 Gorilla-Man (Arthur Nagan)
13%
11 Mole Man
13%
14 Multiple Man
13%
43 Cat-Man
11%
32 Doorman
11%
55 Lady Stilt-Man
11%
29 Plantman
11%
21 Stilt-Man
11%
13 Swordsman
11%
41 Ape-Man
9%
38 Madman
9%
23 Big Man
7%
54 Big Man (Hank Pym, Jr.)
7%
53 Cobalt Man
7%
49 Comet Man
7%
51 Growing Man
7%
50 Rockman
7%
45 Bushman
5%
46 Nuclear Man
5%
19 Psycho-Man
5%
35 U-Man
5%
37 Videoman
5%
40 Boogy-Man
4%
48 Collective Man
4%
34 Master Man
4%
52 Midnight Man
4%
39 Thin Man
4%
No matching quizzes found
Score Distribution
Percent of People with Each Score
Percentile by Number Answered
Your Score History
You have not taken this quiz